000
00323nam a2200145Ia 4500
005
20250423095602.0
008
250422s9999 xx 000 0 und d
020
_a
0- 440- 32609- 5
050
_a
PS 634.C57/
245
0
_a
Harold Clurman
260
_b
Dell publishing
260
_c
1972
300
_a
395 p
942
_c
BK
999
_c
30721
_d
30721